2001 Worldwide Box Office - Statistics

General Stats
  • This quiz has been taken 12 times
  • The average score is 7 of 10
Answer Stats
Rank Movie Title Worldwide Box Office (USD) Distributor/Studio Genre % Correct
1 Harry Potter and the Sorcerer’s Stone $962,575,067 Warner Bros. Fantasy
100%
2 The Lord of the Rings: The Fellowship of the Ring $894,849,370 New Line Fantasy
90%
3 Monsters, Inc. $560,483,536 Disney Family/Animation
80%
4 Shrek $492,534,844 DreamWorks Family/Animation
80%
8 Spirited Away $395,802,070 Studio Ghibli Family/Animation
80%
9 Jurassic Park III $365,900,000 Universal Sci-Fi/Monster
50%
6 Pearl Harbor $449,239,853 Disney Historical Drama
50%
5 Ocean's Eleven $450,728,529 Warner Bros. Comedy/Action
40%
10 Planet of the Apes $362,211,740 20th Century Fox Sci-Fi/Dystopia
40%
7 The Mummy Returns $435,040,395 Universal Fantasy/Adventure
40%
No matching quizzes found
Score Distribution
Percent of People with Each Score
Percentile by Number Answered
Your Score History
You have not taken this quiz